Statistics for Largest Cities that start and end with the same letter

Click here to take the quiz!

General Stats

  • This quiz has been taken 1,437 times
    (1,390 since last reset)
  • The average score is 8 of 20

Answer Stats

Population#ContinentCity% Correct
2,350,000WEuropeWarsaw
84%
1,210,000OEuropeOslo
75%
5,900,000AN. AmericaAtlanta
70%
5,150,000AAsiaAnkara
62%
3,725,000AAfricaAbuja
61%
3,900,000AAfricaAddis Ababa
61%
5,200,000AAfricaAccra
60%
5,950,000AAfricaAlexandria
56%
3,500,000ON. AmericaOrlando
52%
3,300,000TAsiaTashkent
42%
2,350,000AAsiaAgra
35%
1,880,000LEuropeLiverpool
28%
2,350,000SN. AmericaSaint Louis
21%
1,580,000MEuropeMannheim
17%
1,340,000AAsiaAntalya
16%
1,760,000SS. AmericaSantos
13%
1,750,000AAsiaAdana
11%
1,450,000SS. AmericaSão Luís
9%
3,400,000GAsiaGuiyang
7%
1,400,000DAsiaDhanbad
5%

Score Distribution

Percentile by Number Answered

Percent of People with Each Score

Your Score History

You have not taken this quiz since the last reset